<?xml version="1.0" encoding="UTF-8"?>
<record
    xmlns:xsi="http://www.w3.org/2001/XMLSchema-instance"
    xsi:schemaLocation="http://www.loc.gov/MARC21/slim http://www.loc.gov/standards/marcxml/schema/MARC21slim.xsd"
    xmlns="http://www.loc.gov/MARC21/slim">

  <leader>00649nam a22001337a 4500</leader>
  <controlfield tag="008">230310b        |||||||| |||| 00| 0 eng d</controlfield>
  <datafield tag="082" ind1=" " ind2=" ">
    <subfield code="a">N923.2/S749y</subfield>
  </datafield>
  <datafield tag="100" ind1=" " ind2=" ">
    <subfield code="a">&#x938;&#x93E;&#x92A;&#x915;&#x94B;&#x91F;&#x93E;, &#x924;&#x93F;&#x932;&#x915;&#x92A;&#x943;&#x938;&#x93E;&#x926;</subfield>
  </datafield>
  <datafield tag="245" ind1=" " ind2=" ">
    <subfield code="a">&#x92F;&#x93E;&#x924;&#x94D;&#x930;&#x93E; &#x928;&#x93F;&#x930;&#x928;&#x94D;&#x924;&#x930;;</subfield>
    <subfield code="b">&#x932;&#x94B;&#x915;&#x924;&#x928;&#x94D;&#x924;&#x94D;&#x930; &#x92A;&#x94D;&#x930;&#x93E;&#x92A;&#x94D;&#x924;&#x93F;&#x915;&#x93E; &#x932;&#x93E;&#x917;&#x93F; &#x938;&#x902;&#x918;&#x930;&#x94D;&#x937;&#x915;&#x94B; &#x938;&#x92E;&#x92F; &#x921;&#x93E;&#x92F;&#x930;&#x940;</subfield>
  </datafield>
  <datafield tag="260" ind1=" " ind2=" ">
    <subfield code="a">&#x915;&#x93E;&#x920;&#x92E;&#x93E;&#x921;&#x94C;&#x901;&#x903;</subfield>
    <subfield code="b">&#x938;&#x93E;&#x919;&#x917;&#x94D;&#x930;&#x93F;&#x932;&#x93E; &#x92A;&#x941;&#x938;&#x94D;&#x924;&#x915;,</subfield>
    <subfield code="c">&#x968;&#x966;&#x96D;&#x96D;&#x935;&#x93F;.</subfield>
  </datafield>
  <datafield tag="300" ind1=" " ind2=" ">
    <subfield code="b">&#x96B;&#x966;&#x96B; &#x92A;&#x943;.;</subfield>
  </datafield>
  <datafield tag="650" ind1=" " ind2=" ">
    <subfield code="a">&#x938;&#x93E;&#x92A;&#x915;&#x94B;&#x91F;&#x93E;, &#x924;&#x93F;&#x932;&#x915;&#x92A;&#x943;&#x938;&#x93E;&#x926; -&#x926;&#x948;&#x928;&#x93F;&#x915;&#x940;</subfield>
  </datafield>
  <datafield tag="942" ind1=" " ind2=" ">
    <subfield code="2">ddc</subfield>
    <subfield code="c">GEN</subfield>
  </datafield>
  <datafield tag="999" ind1=" " ind2=" ">
    <subfield code="c">108371</subfield>
    <subfield code="d">108359</subfield>
  </datafield>
  <datafield tag="952" ind1=" " ind2=" ">
    <subfield code="0">0</subfield>
    <subfield code="1">0</subfield>
    <subfield code="2">ddc</subfield>
    <subfield code="4">0</subfield>
    <subfield code="7">0</subfield>
    <subfield code="a">TUCL</subfield>
    <subfield code="b">TUCL</subfield>
    <subfield code="c">NB</subfield>
    <subfield code="d">2023-03-10</subfield>
    <subfield code="l">0</subfield>
    <subfield code="o">N923.2/S749y</subfield>
    <subfield code="p">165620</subfield>
    <subfield code="r">2023-03-10 00:00:00</subfield>
    <subfield code="w">2023-03-10</subfield>
    <subfield code="y">GEN</subfield>
  </datafield>
  <datafield tag="952" ind1=" " ind2=" ">
    <subfield code="0">0</subfield>
    <subfield code="1">0</subfield>
    <subfield code="2">ddc</subfield>
    <subfield code="4">0</subfield>
    <subfield code="7">0</subfield>
    <subfield code="a">TUCL</subfield>
    <subfield code="b">TUCL</subfield>
    <subfield code="c">NB</subfield>
    <subfield code="d">2023-03-10</subfield>
    <subfield code="l">0</subfield>
    <subfield code="o">N923.2/S749y</subfield>
    <subfield code="p">165621</subfield>
    <subfield code="r">2023-03-10 00:00:00</subfield>
    <subfield code="w">2023-03-10</subfield>
    <subfield code="y">GEN</subfield>
  </datafield>
  <datafield tag="952" ind1=" " ind2=" ">
    <subfield code="0">0</subfield>
    <subfield code="1">0</subfield>
    <subfield code="2">ddc</subfield>
    <subfield code="4">0</subfield>
    <subfield code="7">0</subfield>
    <subfield code="a">TUCL</subfield>
    <subfield code="b">TUCL</subfield>
    <subfield code="c">NB</subfield>
    <subfield code="d">2023-03-10</subfield>
    <subfield code="l">0</subfield>
    <subfield code="o">N923.2/S749y</subfield>
    <subfield code="p">166103</subfield>
    <subfield code="r">2023-03-10 00:00:00</subfield>
    <subfield code="w">2023-03-10</subfield>
    <subfield code="y">GEN</subfield>
  </datafield>
  <datafield tag="952" ind1=" " ind2=" ">
    <subfield code="0">0</subfield>
    <subfield code="1">0</subfield>
    <subfield code="2">ddc</subfield>
    <subfield code="4">0</subfield>
    <subfield code="7">0</subfield>
    <subfield code="a">TUCL</subfield>
    <subfield code="b">TUCL</subfield>
    <subfield code="d">2023-03-10</subfield>
    <subfield code="l">0</subfield>
    <subfield code="o">N923.2/S749y</subfield>
    <subfield code="p">166104</subfield>
    <subfield code="r">2023-03-10 00:00:00</subfield>
    <subfield code="w">2023-03-10</subfield>
    <subfield code="y">GEN</subfield>
  </datafield>
</record>
